O pensamento galeguista da posguerra : antoloxía /

Saved in:
Bibliographic Details
Other Authors: Sánchez Rei, Manuel., Garrido Couceiro, Xoán Carlos.
Format: Book
Language:Galician
Published: Vigo : Asociación Socio-Pedagóxica Galega, 1997.
Series:A nosa literatura ; 42.
Subjects:
Tags: Add Tag
No Tags, Be the first to tag this record!
LEADER 00902nam a2200265Mi 4500
001 007789559-2
005 20020606104010.5
008 980325s1997 sp 000 0 glg d
020 |a 8489679479 
020 |a 8492112646 (colección) 
035 0 |a ocn215091304 
035 0 |a ocm38896437 
040 |a I5B  |b spa  |c I5B  |d HLS 
043 |a e-sp--- 
245 1 2 |a O pensamento galeguista da posguerra :  |b antoloxía /  |c edición de Xosé Manuel Sánchez Rei, Xoán Carlos Garrido Couceiro. 
260 |a Vigo :  |b Asociación Socio-Pedagóxica Galega,  |c 1997. 
300 |a 206 p. ;  |c 22 cm. 
490 1 |a A nosa literatura ;  |v 42 
650 0 |a Nationalism  |z Spain  |z Galicia (Region) 
651 0 |a Galicia (Spain : Region)  |x Politics and government  |x Philosophy. 
700 2 |a Sánchez Rei, Manuel. 
700 2 |a Garrido Couceiro, Xoán Carlos. 
830 2 |a A nosa literatura ;  |v 42. 
988 |a 20020608 
906 |0 OCLC